Nuclear strategy : (Record no. 29108)

MARC details
000 -LEADER
fixed length control field 01152nam a22002655a 4500
005 - DATE AND TIME OF LATEST TRANSACTION
control field 2009081106006.0
008 - FIXED-LENGTH DATA ELEMENTS--GENERAL INFORMATION
fixed length control field 090731s2009 ii b 001 0 eng
010 ## - LCCN (DPL NO)
LC control number ENG-94714
020 ## - INTERNATIONAL STANDARD BOOK NUMBER
International Standard Book Number 9788187966708
Terms of availability 880.00
020 ## - INTERNATIONAL STANDARD BOOK NUMBER
International Standard Book Number 818796670X
Terms of availability 880.00
035 ## - SYSTEM CONTROL NUMBER
System control number EN-78247
037 ## - SOURCE OF ACQUISITION
Source of stock number/acquisition DBAD / PUB
040 ## - CATALOGING SOURCE
Original cataloging agency dpl
Language of cataloging English
082 ## - DEWEY DECIMAL CLASSIFICATION NUMBER
Classification number 355.02170954
100 ## - MAIN ENTRY--PERSONAL NAME
Personal name Sethi, Manpreet
245 ## - TITLE STATEMENT
Title Nuclear strategy :
Remainder of title India's march towards credible deterrence /
Statement of responsibility, etc by Manpreet Sethi ; introduction by Jasjit Singh
260 ## - PUBLICATION, DISTRIBUTION, ETC. (IMPRINT)
Place of publication, distribution, etc New Delhi
Name of publisher, distributor, etc KW Publishers in association with Centre for Air Power Studies,
Date of publication, distribution, etc 2009
270 ## - ADDRESS
Address 4676/21, First Floor, Ansari Road,
City New Delhi
Postal code 110002
300 ## - PHYSICAL DESCRIPTION
Extent xxxiii, 395 p.
Dimensions 24cm(Hb)
500 ## - GENERAL NOTE
General note Includes bibliographical references and index
650 ## - SUBJECT ADDED ENTRY--TOPICAL TERM
Topical term or geographic name as entry element Nuclear warfare
General subdivision Government policy
Geographic subdivision India
710 ## - ADDED ENTRY--CORPORATE NAME
Corporate name or jurisdiction name as entry element Centre for Air Power Studies (New Delhi, India)
942 ## - ADDED ENTRY ELEMENTS (KOHA)
Source of classification or shelving scheme Dewey Decimal Classification
Item type English Books
Call number suffix SET
Classification part 355.02170954
Holdings
Withdrawn status Lost status Source of classification or shelving scheme Damaged status Not for loan Collection code Home library Current library Date acquired Source of acquisition Cost, normal purchase price Total Checkouts Full call number Barcode Date last seen Copy number Cost, replacement price Koha item type
    Dewey Decimal Classification   Not For Loan Non-fiction D.B.Act.Division D.B.Act.Division 11/08/2009 DBAD / PUB 880.00   355.02170954 SET EN-78247 11/08/2009 1 880.00 English Books

© Delhi Public Library
Hit Counter
free hit counter